Catalunya endavant [catàleg de l'exposició] / Generalitat de Catalunya. [Subdirecció General d'Acció Cívica]
Descripción Física:
178 p. : il., negre i col. ; 30 cm
Otros Autores:
Catalunya. Subdirecció General d'Acció Cívica
Materias:
Catalunya -- Exposicions
MARC
| LEADER | 00000nam a2200000Ia 4500 | ||
|---|---|---|---|
| 001 | 1568 | ||
| 008 | 160829s9999 xx 000 0 cat d | ||
| 080 | |a M-3-143 | ||
| 100 | |a Catalunya endavant (1982 : Barcelona) |9 24321 | ||
| 245 | |a Catalunya endavant [catàleg de l'exposició] / Generalitat de Catalunya. [Subdirecció General d'Acció Cívica] | ||
| 260 | |a [Barcelona : |b Generalitat, DL 1982] | ||
| 300 | |a 178 p. : |b il., negre i col. ; |c 30 cm | ||
| 650 | |a Catalunya |x Exposicions |9 22012 | ||
| 700 | |a Catalunya. Subdirecció General d'Acció Cívica |9 24322 | ||
| 901 | |a Arxiu | ||
| 942 | |n 1 | ||
| 952 | |0 0 |1 0 |4 0 |6 M3143 |7 1 |9 43084 |a Arxiu |b Arxiu |d 2016-12-01 |l 0 |o M-3-143 |p 1568 |r 2016-12-01 00:00:00 |w 2016-12-01 |y ARXIU | ||
| 999 | |c 45628 |d 45628 | ||